TEXTBOOK OF PATHOLOGY : AMANDED AS PER COMPETENCY BASED MEDICAL EDUCATION CIRRICULUM (Record no. 8106)

MARC details
000 -LEADER
fixed length control field 00505nam a22001817a 4500
005 - DATE AND TIME OF LATEST TRANSACTION
control field 20250910105852.0
008 - FIXED-LENGTH DATA ELEMENTS--GENERAL INFORMATION
fixed length control field 221219b |||||||| |||| 00| 0 eng d
020 ## - INTERNATIONAL STANDARD BOOK NUMBER
ISBN 978-935270-547-4
041 ## - LANGUAGE CODE
Language code of text/sound track or separate title eng
082 ## - DEWEY DECIMAL CLASSIFICATION NUMBER
Classification number 612 MOH-T
100 ## - MAIN ENTRY--AUTHOR NAME
Personal name MOHAN ,HARSH
245 ## - TITLE STATEMENT
Title TEXTBOOK OF PATHOLOGY : AMANDED AS PER COMPETENCY BASED MEDICAL EDUCATION CIRRICULUM
250 ## - EDITION STATEMENT
Edition statement 8th ed.
260 ## - PUBLICATION, DISTRIBUTION, ETC. (IMPRINT)
Place of publication NEW DELHI
Name of publisher JAYPEE BROTHERS MEDICAL PUBLISHERS
Year of publication 2019
300 ## - PHYSICAL DESCRIPTION
Number of Pages 1010;P.
650 ## - SUBJECT ADDED ENTRY--TOPICAL TERM
Topical Term BPT
942 ## - ADDED ENTRY ELEMENTS (KOHA)
Koha item type Books
Holdings
Lost status Damaged status Collection code Home library Current library Shelving location Date acquired Source of acquisition Cost, normal purchase price Full call number Accession Number Koha item type
    Reference JRU Library JRU Library SHELF- 8 - C 25/10/2022 LOHIA BOOK INTERNATIONAL 2595.00 612-MOH-T 27055 Books
    PHYSIOTHERAPY JRU Library JRU Library SHELF-28-A 25/10/2022 LOHIA BOOK INTERNATIONAL 2595.00 612-MOH-T 27056 Books